| 000 | 00529nam a2200157 a 4500 | ||
|---|---|---|---|
| 008 | 120416s1954 ||||||||||||||||| || u | ||
| 050 | _aTH 7960 Wal | ||
| 100 | _aWalsh, J. W. T | ||
| 245 | 1 | 0 | _aTextbook of illuminating engineering |
| 246 | _aintermediate grade | ||
| 250 | _a2nd ed. | ||
| 260 |
_aLondon _bPitman _c1954 |
||
| 300 | _axii, 202p. : ill. | ||
| 350 | _a0.00 | ||
| 995 |
_D0.00 _FCBU-MAIN LIBRARY (Kitwe) _H1 _I5.80 _UAVAILABLE _ZAnnex Low-Usage Collection |
||
| 999 |
_c59689 _d59689 |
||